Statistics for NBA Jerseys Quiz 2019-2020

Click here to take the quiz!

General Stats

  • This quiz has been taken 688 times
    (636 since last reset)
  • The average score is 32 of 59

Answer Stats

HintAnswer% Correct
#77, MavericksLuka Dončić
88%
#11, NetsKyrie Irving
86%
#1, SunsDevin Booker
84%
#13, RocketsJames Harden
80%
#34, BucksGiannis Antetokounmpo
79%
#23, LakersLebron James
79%
#22, HeatJimmy Butler
78%
#32, TimberwolvesKarl Anthony-Towns
78%
#0, BlazersDamian Lillard
77%
#11, WarriorsKlay Thompson
76%
#13, ClippersPaul George
76%
#0, CelticsJayson Tatum
75%
#36, CelticsMarcus Smart
75%
#27, JazzRudy Gobert
75%
#27, NuggetsJamal Murray
73%
#0, RocketsRusell Westbrook
73%
#3, Trail BlazersCJ McCollum
72%
#2, ClippersKawhi Leonard
72%
#8, BullsZach LaVine
71%
#11, HawksTrae Young
70%
#43, RaptorsPascal Siakam
68%
#1, PelicansZion Williamson
68%
#10, SpursDeMar DeRozan
66%
#0, CavaliersKevin Love
66%
#12, GrizzliesJa Morant
65%
#33, PacersMyles Turner
65%
#8, CelticsKemba Walker
63%
#14, HeatTyler Herro
62%
#13, HeatBam Adebayo
61%
#23, PistonsBlake Griffin
59%
#6, MavericksKristaps Porzingis
58%
#7, RaptorsKyle Lowry
57%
#23, RaptorsFred Vanvleet
54%
#24, KingsBuddy Hield
53%
#40, KingsHarrison Barnes
53%
#99, GrizzliesJae Crowder
53%
#12, NetsJoe Harris
48%
#6, BucksEric Bledsoe
47%
#35, KingsMarvin Bagley
47%
#25, PistonsDerrick Rose
46%
#4, PacersVictor Oladipo
46%
#3, PelicansJosh Hart
44%
#11, PacersDomantas Sabonis
43%
#99, CelticsTacko Fall
42%
#12, ThunderSteven Adams
41%
#4, LakersAlex Caruso
37%
#2, JazzJoe Ingles
37%
#17, RocketsPJ, Tucker
35%
#40, HornetsCody Zeller
34%
#5, ClippersMontrezl Harrel
31%
#16, CavaliersCedi Osman
29%
#25 HornetsPJ Washington
24%
#21, ThunderAndre Roberson
22%
#3, SunsKelly Oubre Jr.
22%
#9, KnicksRJ Barret
14%
#5, MagicMo Bamba
12%
#17, WizardsIsaac Bonga
9%
#7, PistonsThon Maker
7%
#20, WarriorsAlec Burks
3%

Score Distribution

Percentile by Number Answered

Percent of People with Each Score

Your Score History

You have not taken this quiz since the last reset